[Event "Challenge"]
[Site "http://www.queenalice.com/game.php?id=341460"]
[Date "2008.1.23"]
[Round "-"]
[White "kasimdzhanov"]
[Black "junior68"]
[Result "1-0"]
[WhiteElo "1766"]
[BlackElo "1292"]

1. d4 d5 2. c4 c6 3. Nc3 dxc4 4. e4 e6 5. Bxc4 c5 6. Nf3 Nf6 7. O-O Bd6 8. e5
Be7 9. exf6 gxf6 10. Re1 f5 11. Ne5 O-O 12. Qf3 cxd4 13. Bh6 Re8 14. Qg3+ Kh8
15. Qg7# 1-0

[Event "Let's Play Chess!"]
[Site "http://www.queenalice.com/game.php?id=343411"]
[Date "2008.1.27"]
[Round "-"]
[White "kasimdzhanov"]
[Black "charles31"]
[Result "1-0"]
[WhiteElo "1831"]
[BlackElo "1739"]

1. d4 e6 2. e4 Nc6 3. c4 a6 4. Nc3 Bb4 5. Nf3 h6 6. Be2 d6 7. Bd2 Nf6 8. e5 dxe5
9. dxe5 Nh7 10. O-O f6 11. Qc2 f5 12. Rad1 O-O 13. Bxh6 Qe8 14. Bf4 g5 15. Nxg5
Nxg5 16. Bxg5 Qg6 17. Bf6 Rf7 18. Rd3 Kf8 19. Rg3 Qh6 20. Rh3 Qxh3 21. gxh3 Nd4
22. Qd3 Bxc3 23. bxc3 Nxe2+ 24. Qxe2 Rh7 25. Qe3 Kf7 26. Kh1 Bd7 27. Qc5 Re8 28.
Qxc7 Kg6 29. Rg1+ Kh6 30. Qxb7 Bc8 31. Qg2 1-0

[Event "Let's Play Chess!"]
[Site "http://www.queenalice.com/game.php?id=343504"]
[Date "2008.1.27"]
[Round "-"]
[White "agjjr"]
[Black "kasimdzhanov"]
[Result "0-1"]
[WhiteElo "1500"]
[BlackElo "1699"]

1. e4 c5 2. c3 Nc6 3. d4 cxd4 4. cxd4 d5 5. Bb5 dxe4 6. d5 a6 7. Bxc6+ bxc6 8.
Nc3 Bd7 9. Nxe4 cxd5 10. Qxd5 Nf6 11. Nxf6+ exf6 12. Nf3 Bb4+ 13. Bd2 Qe7+ 14.
Kd1 Rd8 15. Re1 Ba4+ 16. Kc1 Qxe1+ 17. Bxe1 Rxd5 18. Bd2 Bxd2+ 19. Nxd2 O-O 20.
b3 Rfd8 21. Nc4 Rd1+ 22. Kb2 Rxa1 23. Kxa1 Bb5 24. Nb6 Rd2 25. a4 Bf1 26. b4
Rxf2 0-1

[Event "Let's Play Chess!"]
[Site "http://www.queenalice.com/game.php?id=343506"]
[Date "2008.1.27"]
[Round "-"]
[White "Lightningzap007"]
[Black "kasimdzhanov"]
[Result "0-1"]
[WhiteElo "1498"]
[BlackElo "1500"]

1. e4 c5 2. Nf3 d6 3. d4 cxd4 4. Nxd4 Nf6 5. Nc3 a6 6. Bg5 e6 7. f4 Be7 8. Qf3
h6 9. Bh4 Qb6 10. O-O-O Nc6 11. Bf2 Qc7 0-1

[Event "Let's Play Chess!"]
[Site "http://www.queenalice.com/game.php?id=346619"]
[Date "2008.2.1"]
[Round "-"]
[White "kasimdzhanov"]
[Black "spawnwolfwolverine"]
[Result "1-0"]
[WhiteElo "1956"]
[BlackElo "1636"]

1. e4 e5 2. Nf3 d6 3. Bc4 Bg4 4. O-O Nf6 5. c3 Be7 6. h3 Bxf3 7. Qxf3 O-O 8. d4
exd4 9. cxd4 a6 10. Nc3 c6 11. Bg5 b5 12. Bd3 Nbd7 13. Rad1 Nb6 14. Rfe1 h6 15.
Bh4 Nh7 16. Bxe7 Qxe7 17. e5 dxe5 18. Rxe5 Qf6 19. Qe4 g6 20. Qe3 Nc4 21. Bxc4
bxc4 22. Qxh6 Rae8 23. Rde1 Rxe5 24. dxe5 Qg7 25. Qf4 g5 26. Qxc4 Re8 27. e6
Rxe6 28. Rxe6 fxe6 29. Qxe6+ Kh8 30. Qxc6 a5 31. Qa8+ Nf8 32. Qxa5 Kh7 33. Qf5+
Kh6 34. Ne4 Nh7 35. Qe6+ Kh5 36. Ng3+ Kh4 37. Qg4# 1-0

[Event "Let's Play Chess!"]
[Site "http://www.queenalice.com/game.php?id=348211"]
[Date "2008.2.4"]
[Round "-"]
[White "kasimdzhanov"]
[Black "colognestar"]
[Result "1-0"]
[WhiteElo "1875"]
[BlackElo "2120"]

1. e4 c5 2. Nf3 Nc6 3. d4 cxd4 4. Nxd4 e6 5. Nc3 a6 6. Be2 Qc7 7. O-O Nf6 8. Be3
Be7 9. f4 Nxd4 10. Bxd4 d6 11. Qd3 b5 12. Rad1 Bb7 13. e5 Nd7 14. exd6 Bxd6 15.
Bxg7 Bc5+ 16. Bd4 Rg8 17. Bf3 Bxf3 18. Qxf3 Rc8 19. Ne4 Be7 20. c3 Nc5 21. Nf6+
Bxf6 22. Bxf6 Nd7 23. Bh4 Qc5+ 24. Kh1 Nb6 25. Qd3 Nd5 26. f5 Qc4 27. fxe6 fxe6
28. Qxh7 1-0

[Event "Challenge"]
[Site "http://www.queenalice.com/game.php?id=352936"]
[Date "2008.2.12"]
[Round "-"]
[White "ALMOVE"]
[Black "kasimdzhanov"]
[Result "1-0"]
[WhiteElo "1796"]
[BlackElo "1864"]

1. d4 Nf6 2. e3 e6 3. Bd3 c5 4. Nf3 d5 5. dxc5 Bxc5 6. Nc3 Nc6 7. Bd2 O-O 8. Qe2
Re8 9. O-O-O Nb4 10. h4 Bd7 11. Ne5 Qa5 12. Nxd7 Nxd7 13. Kb1 a6 14. g4 Nxd3 15.
cxd3 Rac8 16. Nxd5 Qb5 17. Nc3 Qc6 18. h5 Be7 19. e4 Ne5 20. g5 Red8 21. g6 hxg6
22. hxg6 Nxg6 23. f4 Qd7 24. Be3 Bc5 25. d4 Bb4 26. Rd3 Qc6 27. d5 exd5 28. exd5
Qc4 29. Rc1 Nxf4 30. Bxf4 Qxf4 31. Rf1 Qg5 32. Qf3 Qg6 33. Ka1 Bxc3 34. Rxc3
Rxc3 35. bxc3 b5 36. d6 Qxd6 37. Qxf7+ 1-0

[Event "Challenge"]
[Site "http://www.queenalice.com/game.php?id=354504"]
[Date "2008.2.14"]
[Round "-"]
[White "kasimdzhanov"]
[Black "KLEOJ"]
[Result "0-1"]
[WhiteElo "1927"]
[BlackElo "1964"]

1. d4 Nf6 2. c4 g6 3. Nc3 d5 4. cxd5 Nxd5 5. e4 Nxc3 6. bxc3 Bg7 7. Nf3 O-O 8.
Bc4 c5 9. O-O cxd4 10. cxd4 Bg4 11. Be3 Nc6 12. e5 Rc8 13. Rc1 e6 14. h3 Bxf3
15. Qxf3 Nxd4 16. Qxb7 Nf5 17. Rfd1 Qh4 18. Ba6 Rb8 19. Qxa7 Ra8 20. Qb6 Nxe3
21. fxe3 Bxe5 22. Bb7 Rxa2 23. Qc5 Qf2+ 24. Kh1 Qg3 0-1

[Event "Thanks for playing GM"]
[Site "http://www.queenalice.com/game.php?id=355526"]
[Date "2008.2.16"]
[Round "-"]
[White "kasimdzhanov"]
[Black "technicaldraw"]
[Result "0-1"]
[WhiteElo "1965"]
[BlackElo "1989"]

1. d4 Nf6 2. c4 e6 3. Nf3 b6 4. g3 Ba6 5. Nbd2 Bb7 6. Bg2 Be7 7. O-O O-O 8. Re1
d5 9. e3 dxc4 10. Nxc4 Bd5 11. Qe2 Nbd7 12. Bd2 Ne4 13. Rad1 Rc8 14. Nfe5 Nxd2
15. Bxd5 exd5 16. Nc6 Qe8 17. Nxe7+ Qxe7 18. Nxd2 Rfe8 19. a3 Nb8 20. Qh5 c6 21.
Nf3 h6 22. Ne5 Nd7 23. Nf3 Qe4 24. Qh4 Qxf3 25. Qh3 Nf6 26. Qg2 Qxg2+ 27. Kxg2
c5 28. dxc5 Rxc5 0-1

[Event "Challenge"]
[Site "http://www.queenalice.com/game.php?id=355719"]
[Date "2008.2.17"]
[Round "-"]
[White "cleriston"]
[Black "kasimdzhanov"]
[Result "1-0"]
[WhiteElo "1871"]
[BlackElo "1897"]

1. e4 c5 2. Nf3 d6 3. d4 cxd4 4. Nxd4 Nf6 5. Nc3 a6 6. Bc4 e6 7. Bg5 Be7 8. O-O
b5 9. Bd3 Nbd7 10. Nc6 Qb6 11. Nxe7 Kxe7 12. Re1 Bb7 13. Kh1 Qxf2 14. g3 h6 15.
Nd5+ exd5 16. Be3 Nxe4 17. Bxf2 1-0

[Event "Challenge"]
[Site "http://www.queenalice.com/game.php?id=355722"]
[Date "2008.2.17"]
[Round "-"]
[White "kasimdzhanov"]
[Black "cleriston"]
[Result "0-1"]
[WhiteElo "1784"]
[BlackElo "2036"]

1. d4 c5 2. Nf3 e6 3. c4 cxd4 4. Nxd4 Nf6 5. Nc3 Nc6 6. Ndb5 a6 7. Nd6+ Bxd6 8.
Qxd6 h6 9. b3 Qe7 10. Ba3 Ng4 11. Ne4 f5 12. Qxe7+ Nxe7 13. Nd6+ Kf8 14. e4 Kg8
15. h3 Nf6 16. e5 Nh5 17. Be2 Nf4 18. Bf3 Nd3+ 19. Ke2 Nxe5 20. Nxc8 Nxc8 21.
Rhd1 Nxf3 22. Kxf3 b5 23. Rxd7 g5 24. Rad1 Rh7 25. Rd8+ Kg7 0-1

[Event "Challenge"]
[Site "http://www.queenalice.com/game.php?id=360489"]
[Date "2008.2.25"]
[Round "-"]
[White "fabioferroni"]
[Black "kasimdzhanov"]
[Result "0-1"]
[WhiteElo "1605"]
[BlackElo "1771"]

1. e4 e5 2. Nf3 Nc6 3. Bb5 a6 4. Bc4 Nf6 5. Nc3 Bb4 6. O-O Nxe4 7. Re1 Nxc3 8.
dxc3 Bc5 9. Qd5 O-O 10. Bd3 d6 11. Ng5 h6 12. Qe4 f5 13. Qc4+ d5 14. Qxc5 hxg5
15. c4 e4 16. Be2 d4 17. Qd5+ Qxd5 18. cxd5 Nb4 19. Bd1 Nxd5 20. Bxg5 Be6 21. c4
Nb6 22. b3 Nd7 23. f3 e3 24. h3 Nc5 25. Be7 Nd3 26. Rf1 Rfe8 27. Bh4 Bd7 0-1

[Event "Challenge"]
[Site "http://www.queenalice.com/game.php?id=785714"]
[Date "2010.6.4"]
[Round "-"]
[White "kasimdzhanov"]
[Black "charles31"]
[Result "0-1"]
[WhiteElo "1780"]
[BlackElo "1682"]

1. c4 e5 2. Nc3 Nf6 3. d3 h6 4. Nf3 Nc6 5. Bd2 a6 6. e3 d5 7. cxd5 Nxd5 8. Be2
Be6 9. O-O g5 10. Rc1 g4 11. Ne1 h5 12. e4 Nxc3 13. Bxc3 Qg5 14. f4 Qg7 15. fxe5
Nxe5 0-1